Statistics for Countries Furthest from the US

Click here to take the quiz!

General Stats

  • This quiz has been taken 1,506 times
  • The average score is 15 of 20

Answer Stats

km country miles % Correct
19,704South Africa12,243
91%
18,880Lesotho11,731
84%
18,464Madagascar11,473
84%
19,931Zimbabwe12,384
83%
20,038Namibia12,451
82%
19,322Mozambique12,006
81%
18,994Swaziland11,802
81%
19,879Zambia12,352
80%
20,038Botswana12,451
79%
19,592Angola12,174
78%
18,157Congo11,282
77%
19,248Democratic Republic
of the Congo
11,960
77%
18,635Tanzania11,579
77%
18,165Rwanda11,287
76%
19,070Australia11,850
75%
18,003Uganda11,187
72%
18,964Malawi11,784
68%
18,326Burundi11,387
68%
18,601Mauritius11.558
54%
17,945Indonesia11,150
48%

Score Distribution

Percentile by Number Answered

Percent of People with Each Score

Your Score History

You have not taken this quiz